Vzory zmlúv a podaní v pracovnoprávnych vzťahoch
Gespeichert in:
| 1. Verfasser: | |
|---|---|
| Format: | Buch |
| Sprache: | Slowakisch |
| Veröffentlicht: |
Bratislava
NOVÁ PRÁCA
2004
|
| Schlagworte: | |
| Tags: |
Keine Tags, Fügen Sie das erste Tag hinzu!
|
MARC
| LEADER | 00000nam$a2200000$$$4500 | ||
|---|---|---|---|
| 001 | 0023185 | ||
| 005 | 20240314091424.6 | ||
| 020 | |a 80-88929-62-8 | ||
| 041 | 0 | |a slo | |
| 044 | |a SK | ||
| 245 | 1 | 0 | |a Vzory zmlúv a podaní v pracovnoprávnych vzťahoch |c Milada Illašová |
| 264 | 1 | |a Bratislava |b NOVÁ PRÁCA |c 2004 | |
| 300 | |a 476 s. | ||
| 610 | 2 | 0 | |a vzťahy pracovnoprávne |
| 610 | 2 | 0 | |a právo pracovné |
| 610 | 2 | 0 | |a predpisy pracovnoprávne |
| 610 | 2 | 0 | |a predpisy právne |
| 610 | 2 | 0 | |a zmluvy pracovné |
| 610 | 2 | 0 | |a zamestnávatelia |
| 610 | 2 | 0 | |a zamestnanci |
| 610 | 2 | 0 | |a zmluvy |
| 100 | 1 | |a Illašová, Milada | |